Vliv rozdělení českých podniků na ziskovost a produktivitu
Analýza efektov rozdelenia firiem a ich privatizácie na výkonnosť českých firiem.
Salvato in:
| Autore principale: | |
|---|---|
| Altri autori: | |
| Natura: | Capitolo di libro |
| Lingua: | ceco |
| Soggetti: | |
| Tags: |
Nessun Tag, puoi essere il primo ad aggiungerne!!
|
MARC
| LEADER | 00000naa a2200000 4500 | ||
|---|---|---|---|
| 001 | 0144888 | ||
| 005 | 20231207120029.4 | ||
| 041 | 0 | |a cze | |
| 044 | |a CZ | ||
| 245 | 1 | 0 | |a Vliv rozdělení českých podniků na ziskovost a produktivitu |c Evžen Kočenda, Jan Hanousek |
| 520 | |a Analýza efektov rozdelenia firiem a ich privatizácie na výkonnosť českých firiem. | ||
| 610 | 2 | 0 | |a zisk podnikový |
| 610 | 2 | 0 | |a produktivita |
| 610 | 2 | 0 | |a výkonnosť |
| 610 | 2 | 0 | |a výkony podnikové |
| 610 | 2 | 0 | |a efektívnosť ekonomická |
| 610 | 2 | 0 | |a privatizácia |
| 610 | 2 | 0 | |a Česko |
| 100 | 1 | |a Kočenda, Evžen | |
| 700 | 1 | |a Hanousek, Jan | |